000 00664nja a2200217 a 4500
003 BLK
005 20241005005433.0
008 180410c bul|r|ner|||| 00| c0bul d
010 _aCDD00000150016
040 _aBLK
100 _aMozart, Wolfgang Amadeus
_d1756 - 1791
_9386874
245 1 0 _aDie Entfuhrung aus dem Serail
_cWolfgang Amadeus Mozart.
257 _aDEU
380 _a7
500 _aDurch Zartlichkeit und Schmeicheln
773 _0215063
_9386422
_aMozart, Wolfgang Amadeus
_tFour Famous Soprano of the Past [CD аудио]
852 _aЦб CD 1691
942 _cCDD
_n0
944 _aCR
_c07.04.2008
_k
_lCRON CRON
944 _aED
_c07.04.2008
_k
999 _c215079
_d215079